K novelám zákona o verejnej službe
Príspevok obsahuje zmeny, ktoré priniesli tri novely zákona o verejnej službe (zákon č. 313/2002 Z.z. zákon č. 165/2002 Z.z. a zákon č. 166/2002 Z.z.
Enregistré dans:
| Auteur principal: | |
|---|---|
| Autres auteurs: | |
| Format: | Chapitre de livre |
| Langue: | slovaque |
| Sujets: | |
| Tags: |
Pas de tags, Soyez le premier à ajouter un tag!
|
MARC
| LEADER | 00000naa a2200000 4500 | ||
|---|---|---|---|
| 001 | r046537 | ||
| 005 | 20231003082500.0 | ||
| 041 | 0 | |a slo | |
| 044 | |a SK | ||
| 245 | 1 | 0 | |a K novelám zákona o verejnej službe |c Alžbeta Rosenbergerová, Zdenka Ošťádalová |
| 520 | |a Príspevok obsahuje zmeny, ktoré priniesli tri novely zákona o verejnej službe (zákon č. 313/2002 Z.z. zákon č. 165/2002 Z.z. a zákon č. 166/2002 Z.z. | ||
| 610 | 2 | 0 | |a služba štátna |
| 610 | 2 | 0 | |a služba verejná |
| 610 | 2 | 0 | |a zákony |
| 610 | 2 | 0 | |a komentáre |
| 610 | 2 | 0 | |a novelizácia |
| 610 | 2 | 0 | |a Slovensko |
| 100 | 1 | |a Rosenbergerová, Alžbeta | |
| 700 | 1 | |a Ošťádalová, Zdenka | |